Estadísticas para Hola en 15 Idiomas

Haz click aquí para intentar la prueba.

Estadísticas generales

  • Esta prueba ha sido intentada 343 veces
  • La puntuación promedio es 10 de 15

Estadísticas de respuestas

IndirectaIdioma% Correcto
HolaEspañol
100%
HelloInglés
99%
CiaoItaliano
98%
BonjourFrancés
97%
你好Mandarín
91%
مرحبًاÁrabe
89%
ПриветRuso
88%
OláPortugués
83%
こんにちはJaponés
79%
Γεια σαςGriego
55%
नमस्कारHindi
49%
Xin chàoVietnamita
39%
MerhabaTurco
30%
ஹலோTamil
16%
HujamboSwahili
11%

Distribución de puntuación

Porcentaje por número respondido

Porcentaje de gente con cada puntuación

Historial de tus puntuaciones

No has intentado esta prueba.